Oscar Wilde et moi / (Record no. 57903)

MARC details
000 -LEADER
campo de control de longitud fija 00559nam a2200193 i 4500
001 - NÚMERO DE CONTROL
campo de control 57903
003 - IDENTIFICADOR DE NÚMERO DE CONTROL
campo de control ES-MaACL
005 - FECHA Y HORA DE LA ÚLTIMA TRANSACCIÓN
campo de control 20250630161143.0
007 - CAMPO FIJO DE DESCRIPCIÓN FÍSICA--INFORMACIÓN GENERAL
campo de control de longitud fija t|
008 - DATOS DE LONGITUD FIJA--INFORMACIÓN GENERAL
campo de control de longitud fija 031020s1917 fr ||||1| fre d
100 1# - ENTRADA PRINCIPAL--NOMBRE DE PERSONA
Nombre de persona Douglas, Alfred.
9 (RLIN) 45488
245 10 - MENCIÓN DEL TÍTULO
Título Oscar Wilde et moi /
Mención de responsabilidad, etc. Alfred Douglas ; traduit par William Claude.
260 ## - PUBLICACIÓN, DISTRIBUCIÓN, ETC.
Lugar de publicación, distribución, etc. Paris :
Nombre del editor, distribuidor, etc. [s.n.],
Fecha de publicación, distribución, etc. 1917 (
Fabricante Chaix)
300 ## - DESCRIPCIÓN FÍSICA
Extensión XII, 314 p. ;
Dimensiones 18 cm.
600 14 - PUNTO DE ACCESO ADICIONAL DE MATERIA--NOMBRE DE PERSONA
Nombre de persona Wilde, Oscar,
Fechas asociadas al nombre 1854-1900
9 (RLIN) 241147
700 1# - ENTRADA AGREGADA--NOMBRE PERSONAL
Nombre de persona Claude, William.
9 (RLIN) 39081
852 ## - LOCALIZACIÓN
Ubicación ES-MaACL
Número de control de estantería F-3486
Holdings
Estatus retirado Estado de pérdida Estado de daño No para préstamo Biblioteca de origen Biblioteca actual Ubicación en estantería Fecha de adquisición Fuente de adquisición Total de préstamos Signatura topográfica completa Código de barras Visto por última vez Precio de reemplazo Tipo de ítem Koha
        Biblioteca del Ateneo de Madrid Biblioteca del Ateneo de Madrid Depósito 2 17/01/2008     F-3486 1060773 23/02/2023 23/02/2023 Libro impreso